Marketingová stratégia a zmeny, ktoré priniesol vstup do Európskej únie

Slovenské podnikateľské subjekty ako súčasť globálneho trhu. Segmentácia trhu - demografická, geografická a psychografická. Formy vstupu na zahraničný trh. Rozhodovanie o marketingovom mixe. Problém neúspechu slovenských podnikateľských subjektov na zahraničných trhoch.

Enregistré dans:
Détails bibliographiques
Auteur principal: Raslavská, Ivana
Format: Chapitre de livre
Langue:slovaque
Sujets:
Tags: Ajouter un tag
Pas de tags, Soyez le premier à ajouter un tag!

MARC

LEADER 00000naa$a2200000$$$4500
001 0052616
005 20240502071616.8
041 0 |a slo 
044 |a SK 
245 1 0 |a Marketingová stratégia a zmeny, ktoré priniesol vstup do Európskej únie  |c Ivana Raslavská 
520 |a Slovenské podnikateľské subjekty ako súčasť globálneho trhu. Segmentácia trhu - demografická, geografická a psychografická. Formy vstupu na zahraničný trh. Rozhodovanie o marketingovom mixe. Problém neúspechu slovenských podnikateľských subjektov na zahraničných trhoch. 
610 2 0 |a spolupráca hospodárska medzinárodná 
610 2 0 |a marketing 
610 2 0 |a marketing medzinárodný 
610 2 0 |a marketing mix 
610 2 0 |a stratégia marketingová 
610 2 0 |a komunikácia marketingová 
610 2 0 |a segmentácia trhu 
610 2 0 |a trh svetový 
610 2 0 |a obchod zahraničný 
610 2 0 |a produkty 
610 2 0 |a ceny 
100 1 |a Raslavská, Ivana